Globalización, cultura y diversidad: una aproximación Latinoamericana /
שמור ב:
| מחבר ראשי: | |
|---|---|
| Autores Corporativos: | , |
| מחברים אחרים: | |
| פורמט: | Texto |
| יצא לאור: |
Buenos Aires:
Campo Virtual
|
| מהדורה: | 0 |
| תגים: |
הוספת תג
אין תגיות, היה/י הראשונ/ה לתייג את הרשומה!
|
MARC
| LEADER | 00000 a a2200000 04500 | ||
|---|---|---|---|
| 001 | 29929 | ||
| 003 | |||
| 040 | |||
| 090 | |a 192031 |b RECURSO ELECTRONICO | ||
| 100 | |a Grompone Grille, Romeo | ||
| 110 | |a Consejo Latinoamericano de Ciencias Sociales | ||
| 245 | |a Globalización, cultura y diversidad: una aproximación Latinoamericana / |c Consejo Latinoamericano de Ciencias Sociales | ||
| 250 | |a 0 | ||
| 260 | |a Buenos Aires: |b Campo Virtual | ||
| 300 | |b il. | ||
| 500 | |a Datos de edición: Estudios de caso en los Andes. Lima, IEP, 2002 | ||
| 700 | |a Prof. |a Pajuelo Teves, Ramón César |a Prof. |a Nova Arismendi, Rafael Fernando |a Prof. | ||
| 710 | |a CLACSO |a ASDI |a Agencia Sueca de Desarrollo Internacional |a IEP |a Instituto de Estudios Peruanos | ||
| 999 | |c 16443 |d 16443 | ||
